<?xml version="1.0" encoding="UTF-8"?>
<record
    xmlns:xsi="http://www.w3.org/2001/XMLSchema-instance"
    xsi:schemaLocation="http://www.loc.gov/MARC21/slim http://www.loc.gov/standards/marcxml/schema/MARC21slim.xsd"
    xmlns="http://www.loc.gov/MARC21/slim">

  <leader>00189nam a22000977a 4500</leader>
  <datafield tag="082" ind1=" " ind2=" ">
    <subfield code="a">SEN</subfield>
  </datafield>
  <datafield tag="100" ind1=" " ind2=" ">
    <subfield code="a">Senerns</subfield>
  </datafield>
  <datafield tag="245" ind1=" " ind2=" ">
    <subfield code="a">Air conditioning and refrigeration</subfield>
  </datafield>
  <datafield tag="300" ind1=" " ind2=" ">
    <subfield code="a">563</subfield>
  </datafield>
  <datafield tag="942" ind1=" " ind2=" ">
    <subfield code="c">BK</subfield>
  </datafield>
  <datafield tag="999" ind1=" " ind2=" ">
    <subfield code="c">11782</subfield>
    <subfield code="d">11782</subfield>
  </datafield>
  <datafield tag="952" ind1=" " ind2=" ">
    <subfield code="0">0</subfield>
    <subfield code="1">0</subfield>
    <subfield code="4">0</subfield>
    <subfield code="7">0</subfield>
    <subfield code="a">QUESTCL</subfield>
    <subfield code="b">ST</subfield>
    <subfield code="d">2015-01-05</subfield>
    <subfield code="l">0</subfield>
    <subfield code="o">SEN</subfield>
    <subfield code="p">1794</subfield>
    <subfield code="r">2015-01-05 00:00:00</subfield>
    <subfield code="y">BK</subfield>
  </datafield>
  <datafield tag="952" ind1=" " ind2=" ">
    <subfield code="0">0</subfield>
    <subfield code="1">0</subfield>
    <subfield code="4">0</subfield>
    <subfield code="7">0</subfield>
    <subfield code="a">QUESTCL</subfield>
    <subfield code="b">QUESTCL</subfield>
    <subfield code="d">2015-01-05</subfield>
    <subfield code="l">0</subfield>
    <subfield code="o">SEN</subfield>
    <subfield code="p">1795</subfield>
    <subfield code="r">2015-01-05 00:00:00</subfield>
    <subfield code="w">2015-01-05</subfield>
    <subfield code="y">BK</subfield>
  </datafield>
  <datafield tag="952" ind1=" " ind2=" ">
    <subfield code="0">0</subfield>
    <subfield code="1">0</subfield>
    <subfield code="4">0</subfield>
    <subfield code="7">0</subfield>
    <subfield code="a">SLME</subfield>
    <subfield code="b">SLME</subfield>
    <subfield code="d">2015-01-05</subfield>
    <subfield code="l">0</subfield>
    <subfield code="o">SEN</subfield>
    <subfield code="p">1796</subfield>
    <subfield code="r">2015-01-05 00:00:00</subfield>
    <subfield code="y">BK</subfield>
  </datafield>
  <datafield tag="952" ind1=" " ind2=" ">
    <subfield code="0">0</subfield>
    <subfield code="1">0</subfield>
    <subfield code="4">0</subfield>
    <subfield code="7">0</subfield>
    <subfield code="a">QUESTCL</subfield>
    <subfield code="b">ST</subfield>
    <subfield code="d">2015-01-05</subfield>
    <subfield code="l">0</subfield>
    <subfield code="o">SEN</subfield>
    <subfield code="p">1797</subfield>
    <subfield code="r">2015-01-05 00:00:00</subfield>
    <subfield code="y">BK</subfield>
  </datafield>
  <datafield tag="952" ind1=" " ind2=" ">
    <subfield code="0">0</subfield>
    <subfield code="1">0</subfield>
    <subfield code="4">0</subfield>
    <subfield code="7">0</subfield>
    <subfield code="a">QUESTCL</subfield>
    <subfield code="b">ST</subfield>
    <subfield code="d">2015-01-05</subfield>
    <subfield code="l">0</subfield>
    <subfield code="o">SEN</subfield>
    <subfield code="p">1798</subfield>
    <subfield code="r">2015-01-05 00:00:00</subfield>
    <subfield code="y">BK</subfield>
  </datafield>
  <datafield tag="952" ind1=" " ind2=" ">
    <subfield code="0">0</subfield>
    <subfield code="1">0</subfield>
    <subfield code="4">0</subfield>
    <subfield code="7">0</subfield>
    <subfield code="a">QUESTCL</subfield>
    <subfield code="b">ST</subfield>
    <subfield code="d">2015-01-05</subfield>
    <subfield code="l">0</subfield>
    <subfield code="o">SEN</subfield>
    <subfield code="p">1799</subfield>
    <subfield code="r">2015-01-05 00:00:00</subfield>
    <subfield code="y">BK</subfield>
  </datafield>
  <datafield tag="952" ind1=" " ind2=" ">
    <subfield code="0">0</subfield>
    <subfield code="1">0</subfield>
    <subfield code="4">0</subfield>
    <subfield code="7">0</subfield>
    <subfield code="a">QUESTCL</subfield>
    <subfield code="b">QUCEST</subfield>
    <subfield code="d">2015-01-05</subfield>
    <subfield code="l">1</subfield>
    <subfield code="o">SEN</subfield>
    <subfield code="p">1800</subfield>
    <subfield code="q">2024-08-05</subfield>
    <subfield code="r">2024-08-05 00:00:00</subfield>
    <subfield code="s">2024-08-05</subfield>
    <subfield code="y">BK</subfield>
  </datafield>
  <datafield tag="952" ind1=" " ind2=" ">
    <subfield code="0">0</subfield>
    <subfield code="1">0</subfield>
    <subfield code="4">0</subfield>
    <subfield code="7">0</subfield>
    <subfield code="a">QUESTCL</subfield>
    <subfield code="b">ST</subfield>
    <subfield code="d">2015-01-05</subfield>
    <subfield code="l">0</subfield>
    <subfield code="o">SEN</subfield>
    <subfield code="p">1801</subfield>
    <subfield code="r">2015-01-05 00:00:00</subfield>
    <subfield code="y">BK</subfield>
  </datafield>
  <datafield tag="952" ind1=" " ind2=" ">
    <subfield code="0">0</subfield>
    <subfield code="1">0</subfield>
    <subfield code="4">0</subfield>
    <subfield code="7">0</subfield>
    <subfield code="a">QUESTCL</subfield>
    <subfield code="b">QUESTCL</subfield>
    <subfield code="d">2015-01-05</subfield>
    <subfield code="l">0</subfield>
    <subfield code="o">SEN</subfield>
    <subfield code="p">1802</subfield>
    <subfield code="r">2021-08-11 00:00:00</subfield>
    <subfield code="y">BK</subfield>
  </datafield>
  <datafield tag="952" ind1=" " ind2=" ">
    <subfield code="0">0</subfield>
    <subfield code="1">0</subfield>
    <subfield code="4">0</subfield>
    <subfield code="7">0</subfield>
    <subfield code="a">SLME</subfield>
    <subfield code="b">SLME</subfield>
    <subfield code="d">2015-01-05</subfield>
    <subfield code="l">0</subfield>
    <subfield code="o">SEN</subfield>
    <subfield code="p">1803</subfield>
    <subfield code="r">2015-01-05 00:00:00</subfield>
    <subfield code="y">BK</subfield>
  </datafield>
</record>
